000 00225nam a2200097Ia 4500
008 190216s9999||||xx |||||||||||||| ||und||
100 _aNull
245 0 _aHindi-Danand Kavya Darshan
260 _bAbiyokali Prakash
942 _cBK
999 _c17289
_d17289